| Tag |
First Indicator |
Second Indicator |
Subfields |
| LEADER |
00000cam a2200000 4500 |
| 001 |
in00000384721 |
| 005 |
20151011112822.0 |
| 008 |
750819s1891 nyuac b 00010 eng u |
| 010 |
|
|
|a 07027677
|
| 035 |
|
|
|a (OCoLC)01560932
|
| 035 |
|
|
|9 ABR8819AM
|
| 040 |
|
|
|c WOO
|d TXA
|d UtOrBLW
|
| 049 |
|
|
|a TXA1
|c [A14808473131]
|
| 050 |
0 |
0 |
|a HD2965
|b .M9 1891
|
| 100 |
1 |
|
|a Myrick, Herbert,
|d 1860-
|
| 245 |
1 |
0 |
|a How to cooperate. :
|b The full fruits of labor to producer, honest value to consumer, just return to capital, prosperity to all. A manual for cooperators /
|c By Herbert Myrick.
|
| 264 |
|
1 |
|a New York :
|b Orange Judd Company,
|c 1891.
|
| 300 |
|
|
|a 349 pages :
|b frontispiece, illustrations, portraits, plans, tables. ;
|c 20 cm.
|
| 336 |
|
|
|a text
|b txt
|2 rdacontent
|
| 337 |
|
|
|a unmediated
|b n
|2 rdamedia
|
| 338 |
|
|
|a volume
|b nc
|2 rdacarrier
|
| 504 |
|
|
|a Bibliography: pages 343-345.
|
| 650 |
|
0 |
|a Cooperation.
|
| 999 |
|
|
|a MARS
|
| 999 |
f |
f |
|s de018048-de34-3dd0-a04c-a4fe2391e556
|i 5b55e450-556b-324f-84c3-a67d1b9422e9
|t 0
|
| 952 |
f |
f |
|p noncirc
|a Texas A&M University
|b College Station
|c Cushing Memorial Library & Archives
|d Cushing: Dykes (Does not check out)
|t 0
|e HD2965 .M9 1891
|h Library of Congress classification
|i unmediated -- volume
|m A14851748625
|
| 998 |
f |
f |
|a HD2965 .M9 1891
|t 0
|l Cushing: Dykes (Does not check out)
|